|
|
|
|
| LEADER |
00000nnm a2200000 i 4500 |
| 001 |
dolg7152 |
| 005 |
20160706100623.0 |
| 008 |
160524suuuu hu o 000 hun d |
| 040 |
|
|
|a BGE Dolgozattár Repozitórium
|b hun
|
| 041 |
|
|
|a hu
|
| 100 |
1 |
|
|a Földi Dorottya
|
| 245 |
1 |
3 |
|a Az e-turizmus hatása az utazásközvetítő irodák értékesítési folyamatára az Andóra-Túra Utazási Iroda alapján
|c Földi Dorottya
|h [elektronikus dokumentum]
|
| 246 |
1 |
1 |
|a Az e-turizmus hatása az utazásközvetítő irodák értékesítési folyamatára az Andóra-Túra Utazási Iroda alapján
|
| 516 |
|
|
|a Project_work
|
| 695 |
|
|
|a utazási iroda
|
| 695 |
|
|
|a utazásszervezés és -közvetítés
|
| 700 |
1 |
|
|a Talabos István
|e ths
|
| 856 |
4 |
0 |
|u http://dolgozattar.uni-bge.hu/7152/1/F%C3%B6ldi_Dorottya_Projektmunka_v%C3%A9gs%C5%91.pdf
|z Dokumentum-elérés
|